Normal view
MARC view
- قطاش، توقيق ابراهيم
Entry Personal Name
001 - CONTROL NUMBER
- control field: 27635
003 - CONTROL NUMBER IDENTIFIER
- control field: JO-AjAnu
005 - DATE AND TIME OF LATEST TRANSACTION
- control field: 20230606074707.0
008 - FIXED-LENGTH DATA ELEMENTS
- fixed length control field: 230606|| aca||aabn | a|a d
040 ## - CATALOGING SOURCE
- Original cataloging agency: JO-AjAnu
- Transcribing agency: JO-AjAnu
100 ## - HEADING--PERSONAL NAME
- Personal name: قطاش، توقيق ابراهيم
670 ## - SOURCE DATA FOUND
- Source citation: Work cat.: (JO-AjAnu)14192: قطاش، توقيق ابراهيم, author, اوتوكاد 2007Autocad النسخة الانجليزية 2d